[Event "HUN-chT2 Breyer 1314"]
[Site "Hungary"]
[Date "2013.09.22"]
[Round "2"]
[White "Balogh, Peter1111"]
[Black "Feher, Attila"]
[Result "1/2-1/2"]
[WhiteElo "2075"]
[BlackElo "2135"]
[PlyCount "24"]
[EventDate "2013.09.08"]
[EventType "team-tourn"]
[EventRounds "9"]
[EventCountry "HUN"]
[SourceTitle "EXT 2016"]
[Source "ChessBase"]
[SourceDate "2015.10.08"]
[SourceVersion "1"]
[SourceVersionDate "2015.10.08"]
[SourceQuality "1"]
[WhiteTeam "Kisber Aszar"]
[BlackTeam "Torokbalint"]
[WhiteTeamCountry "HUN"]
[BlackTeamCountry "HUN"]

1. e4 Nf6 2. e5 Nd5 3. d4 d6 4. c4 Nb6 5. Nf3 Bg4 6. exd6 cxd6 7. Qb3 N8d7 8. h3 Bh5 9. Be3 e6 10. Nbd2 Be7 11. Bd3 Bg6 12. Bxg6 hxg6 1/2-1/2

[Event "HUN-chT2 Breyer 1112"]
[Site "Hungary"]
[Date "2011.10.30"]
[Round "2.9"]
[White "Feher, Attila"]
[Black "Farkas, Ferenc"]
[Result "1-0"]
[WhiteElo "2127"]
[BlackElo "1891"]
[PlyCount "65"]
[EventDate "2011.09.25"]
[EventType "team-tourn"]
[EventRounds "11"]
[EventCountry "HUN"]
[SourceTitle "EXT 2013"]
[Source "ChessBase"]
[SourceDate "2012.11.22"]
[SourceVersion "1"]
[SourceVersionDate "2012.11.22"]
[SourceQuality "1"]
[WhiteTeam "Husi"]
[BlackTeam "Kisber Aszar"]
[WhiteTeamCountry "HUN"]
[BlackTeamCountry "HUN"]

1. d4 d5 2. Bg5 h6 3. Bh4 g5 4. Bg3 Bg7 5. c3 Nd7 6. Qb3 Nb6 7. Nd2 Nf6 8. e3 Bf5 9. Be2 Ne4 10. Nxe4 Bxe4 11. f3 Bf5 12. h4 e6 13. a4 0-0 14. hxg5 Qxg5 15. Kf2 Rfc8 16. Nh3 Qe7 17. Nf4 c5 18. Bh4 Qd6 19. Nh5 cxd4 20. exd4 e5 21. Nxg7 Kxg7 22. Bg3 f6 23. Rh5 Bg6 24. Rxe5 Qd7 25. Re3 Re8 26. Bb5 Qf7 27. Bxe8 Rxe8 28. Rxe8 Qxe8 29. a5 Bd3 30. Re1 Qa4 31. Re7+ Kg6 32. Qxa4 Nxa4 33. Rxb7 1-0

[Event "Budapest-chT1 Lilienthal 1011"]
[Site "Budapest"]
[Date "2010.11.28"]
[Round "5"]
[White "Kovacs, Lajos1111"]
[Black "Feher, Attila"]
[Result "1/2-1/2"]
[WhiteElo "2212"]
[BlackElo "2161"]
[PlyCount "39"]
[EventDate "2010.09.19"]
[EventType "team-tourn"]
[EventRounds "11"]
[EventCountry "HUN"]
[SourceTitle "EXT 2020"]
[Source "ChessBase"]
[SourceDate "2019.10.17"]
[SourceVersion "1"]
[SourceVersionDate "2019.10.17"]
[SourceQuality "1"]
[WhiteTeam "Budapest Honved III"]
[BlackTeam "Budapest HUSI II"]
[WhiteTeamCountry "HUN"]
[BlackTeamCountry "HUN"]

1. d4 Nf6 2. c4 c5 3. d5 b5 4. cxb5 a6 5. e3 e6 6. Nc3 exd5 7. Nf3 Bb7 8. a4 g6 9. Be2 Bg7 10. 0-0 0-0 11. Rb1 axb5 12. Bxb5 Na6 13. b3 Ne4 14. Ne2 Nc7 15. Bd3 Ne6 16. Qc2 Rc8 17. Bb2 Bh6 18. Ng3 f5 19. Rfd1 Qe7 20. Ra1 1/2-1/2

[Event "HUN-chT2 Erkel 0910"]
[Site "Hungary"]
[Date "2010.02.28"]
[Round "7.7"]
[White "Feher, Attila"]
[Black "Rinyu, Janos"]
[Result "1-0"]
[WhiteElo "2137"]
[BlackElo "2058"]
[PlyCount "59"]
[EventDate "2009.11.08"]
[EventType "team-tourn"]
[EventRounds "11"]
[EventCountry "HUN"]
[SourceTitle "EXT 2011"]
[Source "ChessBase"]
[SourceDate "2010.11.26"]
[SourceVersion "1"]
[SourceVersionDate "2010.11.26"]
[SourceQuality "1"]
[WhiteTeam "Husi"]
[BlackTeam "Foti"]
[WhiteTeamCountry "HUN"]
[BlackTeamCountry "HUN"]

1. c4 b6 2. Nc3 Bb7 3. e4 e6 4. a3 Ne7 5. d4 d6 6. Nf3 Nd7 7. Be2 g6 8. h4 h6 9. Be3 Bg7 10. Qd2 Nf6 11. d5 e5 12. Nh2 Bc8 13. 0-0-0 Bd7 14. f4 Nfg8 15. g4 exf4 16. Bxf4 f6 17. g5 hxg5 18. hxg5 Rh4 19. Nf3 Rxh1 20. Rxh1 Bg4 21. Nd4 Bd7 22. Bd1 Kf7 23. Bc2 f5 24. Rh7 Kf8 25. Ba4 Bxd4 26. Qxd4 Bxa4 27. Qg7+ Ke8 28. Qf7+ Kd7 29. Qe6+ Ke8 30. Rg7 1-0

[Event "HUN-chT2 Maroczy 0809"]
[Site "Hungary"]
[Date "2009.04.19"]
[Round "11"]
[White "Janoska, Sandor"]
[Black "Feher, Attila"]
[Result "1/2-1/2"]
[WhiteElo "2145"]
[BlackElo "2187"]
[PlyCount "48"]
[EventDate "2008.10.26"]
[EventType "team-tourn"]
[EventRounds "11"]
[EventCountry "HUN"]
[SourceTitle "EXT 2010"]
[Source "ChessBase"]
[SourceDate "2010.11.25"]
[SourceVersion "1"]
[SourceVersionDate "2010.11.25"]
[SourceQuality "1"]
[WhiteTeam "Miskolc EMSE"]
[BlackTeam "Husi"]
[WhiteTeamCountry "HUN"]
[BlackTeamCountry "HUN"]

1. d4 Nf6 2. c4 c5 3. d5 b5 4. cxb5 a6 5. bxa6 Bxa6 6. Nc3 d6 7. g3 g6 8. Bg2 Bg7 9. Nf3 Nbd7 10. 0-0 0-0 11. Rb1 Qa5 12. Bd2 Rfb8 13. Qc2 Qc7 14. b3 Nb6 15. Ng5 Qb7 16. e4 Bxf1 17. Bxf1 h6 18. Nf3 Qd7 19. Kg2 Nc8 20. a4 Na7 21. h3 Ne8 22. Bc4 Nc7 23. Nh4 Nc8 24. Nb5 Nxb5 1/2-1/2

[Event "HUN-chT2 Maroczy 0809"]
[Site "Hungary"]
[Date "2009.02.08"]
[Round "7"]
[White "Feher, Attila"]
[Black "Lengyel, Laszlo"]
[Result "1-0"]
[WhiteElo "2187"]
[BlackElo "2129"]
[PlyCount "139"]
[EventDate "2008.10.26"]
[EventType "team-tourn"]
[EventRounds "11"]
[EventCountry "HUN"]
[SourceTitle "EXT 2010"]
[Source "ChessBase"]
[SourceDate "2010.11.25"]
[SourceVersion "1"]
[SourceVersionDate "2010.11.25"]
[SourceQuality "1"]
[WhiteTeam "Husi"]
[BlackTeam "Matra"]
[WhiteTeamCountry "HUN"]
[BlackTeamCountry "HUN"]

1. e4 d6 2. d4 g6 3. Nf3 Bg7 4. Bc4 c6 5. Bb3 Nf6 6. Qe2 0-0 7. 0-0 a5 8. a4 b6 9. Re1 Ba6 10. Qe3 Qc7 11. e5 dxe5 12. Nxe5 Nd5 13. Qf3 e6 14. Qh3 Nd7 15. Bh6 Rae8 16. Nd2 f6 17. Bxg7 Kxg7 18. Nd3 Bxd3 19. Qxd3 Rf7 20. g3 g5 21. c3 Nf8 22. c4 Nb4 23. Qc3 Rd8 24. Ne4 h6 25. Rad1 Kg6 26. c5 Nd5 27. Qf3 f5 28. Nd6 Rf6 29. Bc2 Kg7 30. Qh5 Qb8 31. b3 Rg6 32. Qe2 Rf6 33. Qd2 Ng6 34. Re2 bxc5 35. dxc5 Qa7 36. Rde1 Nf8 37. Nc4 Qxc5 38. Qxa5 Qxa5 39. Nxa5 Nb4 40. Nc4 Rf7 41. Rd1 Rfd7 42. Rxd7+ Rxd7 43. Kf1 Kf6 44. Ke1 e5 45. Rd2 Rxd2 46. Kxd2 Ne6 47. Ne3 Nd4 48. Kc3 c5 49. Bd1 Ke6 50. Kc4 Kd6 51. g4 fxg4 52. Nxg4 e4 53. Nf6 e3 54. fxe3 Nf5 55. Ne4+ Ke5 56. Nxc5 Nc6 57. Kb5 Nce7 58. e4 Ne3 59. Be2 Nc2 60. Bh5 Nd4+ 61. Kc4 Nc8 62. a5 Nd6+ 63. Kd3 Nc6 64. a6 Na7 65. Nd7+ Ke6 66. Bg4+ Ke7 67. Nb6 Kf6 68. Kd4 Nf7 69. e5+ Nxe5 70. Nd5+ 1-0

[Event "Perenyi Memorial"]
[Site "Budapest"]
[Date "2009.01.15"]
[Round "7"]
[White "Sillye, Kalman"]
[Black "Feher, Attila"]
[Result "1/2-1/2"]
[WhiteElo "2113"]
[BlackElo "2187"]
[PlyCount "35"]
[EventDate "2009.01.08"]
[EventType "swiss"]
[EventRounds "9"]
[EventCountry "HUN"]
[SourceTitle "CBM 128 Extra"]
[Source "ChessBase"]
[SourceDate "2009.03.05"]
[SourceVersion "2"]
[SourceVersionDate "2009.03.25"]
[SourceQuality "1"]

1. d4 Nf6 2. Nf3 g6 3. Bf4 Bg7 4. e3 0-0 5. h3 d6 6. Be2 b6 7. 0-0 Bb7 8. Nbd2 Nbd7 9. c3 Qe8 10. Bh2 e5 11. Qb1 Kh8 12. a4 a5 13. Rd1 Qe7 14. dxe5 dxe5 15. Nc4 Ne4 16. Na3 Nd6 17. Nb5 Ba6 18. Qc2 1/2-1/2

[Event "HUN-chT2 Maroczy 0607"]
[Site "Hungary"]
[Date "2007.03.04"]
[Round "6"]
[White "Feher, Attila"]
[Black "Kulcsar, Tamas"]
[Result "1-0"]
[WhiteElo "2172"]
[BlackElo "2143"]
[PlyCount "85"]
[EventDate "2006.11.12"]
[EventType "team"]
[EventRounds "11"]
[EventCountry "HUN"]
[SourceTitle "EXT 2008"]
[Source "ChessBase"]
[SourceDate "2007.11.25"]
[SourceVersion "1"]
[SourceVersionDate "2007.11.25"]
[SourceQuality "1"]
[WhiteTeam "Husi"]
[BlackTeam "Vizugy"]
[WhiteTeamCountry "HUN"]
[BlackTeamCountry "HUN"]

1. e4 e5 2. d4 exd4 3. c3 dxc3 4. Bc4 Nc6 5. Nf3 c2 6. Qxc2 Bb4+ 7. Nc3 Qf6 8. Bd2 Nge7 9. Nb5 Bxd2+ 10. Qxd2 Kd8 11. 0-0-0 Ng6 12. Rhe1 Nce5 13. Nxe5 Qxe5 14. Kb1 a6 15. Nd4 f6 16. Ne6+ Ke7 17. Qb4+ Ke8 18. Nxg7+ Kd8 19. Ne6+ Ke8 20. f4 Nxf4 21. Nxf4 Qxf4 22. e5 fxe5 23. Rxe5+ Qxe5 24. Re1 d6 25. Rxe5+ dxe5 26. Qc5 Bf5+ 27. Kc1 Rf8 28. Qxe5+ Kd7 29. g4 Bg6 30. Be6+ Kd8 31. h4 Rf1+ 32. Kd2 a5 33. h5 Ra6 34. hxg6 hxg6 35. Qg5+ Ke8 36. Qb5+ Ke7 37. Qd7+ Kf8 38. Qd8+ Kg7 39. Qxc7+ Kh6 40. Bc4 Rf2+ 41. Ke3 Raf6 42. g5+ Kxg5 43. Qg3+ 1-0